000 00275nam a2200133Ia 4500
001 14296
003 GE_BSU
008 181216s||||||||xx |||||||||||||| ||und||
040 _cGE_BSU
080 _a821.111-312.4
100 _aConnelly,Michael
245 4 _aThe Poet
942 _cBK
999 _c47434
_d47434